000 004310000a22001690004500
003 MACL
005 20160105165316.0
008 160105b xxu||||| |||| 00| 0 eng d
040 _aMACL
_cMACL
041 _aEnglish
082 _a823/WIL
100 _aDunlop, John Colin
_927871
245 _aHistory of prose Fiction
_bvol 2
260 _bG Bell & Sons Ltd
_c1911
_aLondon
650 _aFiction
_928288
942 _cBK
_k823/DUN
_2ddc
999 _c39229
_d39229